000 01024nam a2200277 a 4500
001 000003565
003 DO-SdBNP
005 20260429135247.0
007 ta
008 090710s2007 dr 000 0 spa d
020 _a9789945427165
040 _aDO-SdBNP
_bspa
_cBNPHU
082 4 _aRD868.44
_bM385p
_222
100 1 _aMartínez, Vianco,
_911014
245 1 0 _aPalabras ajenas :
_bescritores extranjeros de paso por Santo Domingo /
_cVianco Martínez.
260 _aSanto Domingo :
_bSecretaría de Estado de Cultura,
_c2007.
300 _a237 p. ;
_c23 cm.
500 _aIncluye datos biográficos del autor en la solapa de la cubierta y notas al pie de las páginas
650 4 _aAutores hispanoamericanos
_xEntrevistas
_911015
650 0 _aLiteratura
_xHistoria y crítica
_9835
650 4 _aAutores en la literatura
_911016
650 0 _aLiteratura dominicana.
_967
710 1 2 _a República Dominicana.
_b Secretaría de Estado de Cultura
_96453
910 _aValidado. Control de calidad MFF
942 _2ddc
_cLBS1
999 _c3390
_d3390